000 00565nam a2200241Ia 4500
001 Z_3569
003 CHAP
005 20221018174932.0
007 ta
008 220113s1980 mx 000 0 spa d
010 _a166655
040 _cCHAP
090 _aR-36
245 1 0 _aFertilidad de los carneros
260 _aChapingo, Méx. :
_c1980
300 _a25 hojas
500 _aReimpreso de: Apuntes de la cátedra de ovinos
650 1 3 _aGanado lanar
_xFertilidad
_9139266
901 _aR-36
902 _aA
910 _a1980
942 _cREIMP
_2local
999 _c166655
_d166655